US Cities by Timezone: Eastern Quiz Stats

Quiz Updated Dec 6, 2017

Challenge
Share
Tweet
Embed
Score 0/30 Timer 08:00
8 Plays Today
Rank City % Correct
1New York, New York
99.7%
9Boston, Massachusetts
95.6%
15Miami, Florida
93.3%
2Philadelphia, Pennsylvania
91.5%
13Atlanta, Georgia
90.5%
8Washington, DC
87%
19Pittsburgh, Pennsylvania
83%
10Baltimore, Maryland
80%
27Orlando, Florida
76.8%
16Cleveland, Ohio
73.6%
14Raleigh, North Carolina
71.3%
17Tampa, Florida
69.8%
24Buffalo, New York
68.7%
4Jacksonville, Florida
68.2%
5Columbus, Ohio
67.1%
Rank City % Correct
6Charlotte, North Carolina
66.3%
20Cincinnati, Ohio
63.9%
7Detroit, Michigan
63.8%
23Newark, New Jersey
59.6%
3Indianapolis, Indiana
57.7%
11Louisville, Kentucky
48.3%
30Durham, North Carolina
38.9%
25Jersey City, New Jersey
38%
12Virginia Beach, Virginia
36.3%
18Lexington, Kentucky
33.6%
29Norfolk, Virginia
30.3%
21Toledo, Ohio
28.5%
28St Petersburg, Florida
26.7%
22Greensboro, North Carolina
20.6%
26Fort Wayne, Indiana
16.7%

You're not logged in!

Compare scores with friends on all Sporcle quizzes.
Join for Free
OR
Log In

You Might Also Like...

Show Comments

Extras

Top Quizzes Today


Score Distribution

Your Account Isn't Verified!

In order to create a playlist on Sporcle, you need to verify the email address you used during registration. Go to your Sporcle Settings to finish the process.

Report this User

Report this user for behavior that violates our Community Guidelines.

Details: